000
00452nam a2200133Ia 4500
008
100328s9999 xx 000 0 und d
082
_b
40534
100
_a
हळबे लक्ष्मण मोरेश्वर
245
_a
रत्नप्रभा
260
_b
मुंबई मराठी ग्रंथसंग्रहालय
630
_a
रत्नप्रभा
730
_a
रत्नप्रभा
942
_c
BOOK
999
_c
529244
_d
529241